00896cam a2200241 a 450000100100000000500170001000800410002704000250006808200180009324000480011124501010015926000390026030000210029953400940032065000450041465000390045965000410049865100540053970000120059370000120060570000110061770000260062800000315720200929150339.0730529s1984 ag 001 p spa  aDO-SdBNPbspacBNPHU a860.44bP966p04aThe american transcendentalists.lEspañol00aProsa y poesía /cThoreau, emersón, fuller y otros; compilación y prólogo, Perry Miller. aBuenos Aires :bCorregidor,c1984. a341 p. ;c20 cm. aTítulo de la obra en Inglés: Their prose and poetrytThe american transcendentalists. 4aLiteratura américanazNueva Inglaterra 4aLiteratura américanay19th SIGLO 4aTrascendentalismo (nueva inglaterra) 4aNueva InglaterraxColecciones De Obras Literarias1 aThoreau1 aEmerson1 aFuller1 aMiller, Perry,ecomp.